00463nam a2200157Ia 4500008004100000020001800041041000800059082002000067100001900087245009500106260004300201300001600244365001200260650001900272650001400291210719s2016 xx 000 0 und d a81-88685-18-6 ahin a306.095487 PAIS aPAIS (Richard) aSociety and culture in Karnataka: silver jubilee volume of Mangalore sociology association aMangalurubMangala Publications.c2016 axii,588bHB b900cRs aIndian Society aSociology